[Event "London Classic op U1750 9th"]
[Site "London"]
[Date "2017.12.08"]
[Round "5"]
[White "Fava, Achille"]
[Black "Bazan, Mateusz"]
[Result "0-1"]
[WhiteElo "1394"]
[BlackElo "1217"]
[PlyCount "86"]
[EventDate "2017.12.04"]
[EventType "swiss"]
[EventRounds "5"]
[EventCountry "ENG"]
[SourceTitle "CBM 182 Extra"]
[Source "ChessBase"]
[SourceDate "2018.02.23"]
[SourceVersion "1"]
[SourceVersionDate "2018.02.23"]
[SourceQuality "1"]

1. d4 d5 2. c4 c6 3. Nf3 dxc4 4. e4 b5 5. a4 a6 6. axb5 cxb5 7. b3 cxb3 8. Qxb3 Bd7 9. Nc3 Qb6 10. Be3 Nf6 11. d5 Qb7 12. e5 Ng4 13. Bf4 e6 14. h3 Nh6 15. d6 g6 16. Be2 Bg7 17. 0-0 0-0 18. Rac1 Rc8 19. Na4 Rxc1 20. Rxc1 Qe4 21. Nb6 Qxf4 22. Rc7 Qe4 23. Bd3 Qf4 24. Bb1 Bxe5 25. g3 Qf6 26. Nxa8 Bxd6 27. Rb7 Bc6 28. Rb6 Qd8 29. Qd3 Bxa8 30. Rxd6 Qc7 31. Rd8+ Kg7 32. Ne1 Qc6 33. f3 Qb6+ 34. Qd4+ Qxd4+ 35. Rxd4 Bd5 36. Bd3 Nc6 37. Rh4 Nf5 38. Rf4 g5 39. Rg4 f6 40. Be4 h5 41. Bxd5 exd5 42. Rxg5+ fxg5 43. Kf2 b4 0-1

[Event "London Classic op U1750 9th"]
[Site "London"]
[Date "2017.12.07"]
[Round "4"]
[White "Bazan, Mateusz"]
[Black "Bernard, Christopher PJ"]
[Result "0-1"]
[WhiteElo "1217"]
[BlackElo "1516"]
[PlyCount "64"]
[EventDate "2017.12.04"]
[EventType "swiss"]
[EventRounds "5"]
[EventCountry "ENG"]
[SourceTitle "CBM 182 Extra"]
[Source "ChessBase"]
[SourceDate "2018.02.23"]
[SourceVersion "1"]
[SourceVersionDate "2018.02.23"]
[SourceQuality "1"]

1. e4 c5 2. Nf3 g6 3. Bc4 Bg7 4. 0-0 Nc6 5. Nc3 d6 6. h3 Nf6 7. d4 cxd4 8. Nxd4 0-0 9. Nxc6 bxc6 10. Re1 Nd7 11. Bd2 Ne5 12. Bb3 a5 13. a3 Ba6 14. Rb1 Nc4 15. Bxc4 Bxc4 16. b3 Be6 17. a4 Qb6 18. Qf3 f5 19. Rf1 Qc7 20. Ne2 fxe4 21. Qxe4 Bd5 22. Qe3 e5 23. c4 Be6 24. f4 Bf5 25. Rbd1 Rae8 26. Rfe1 exf4 27. Qxf4 Bc2 28. Qg4 Bxd1 29. Rxd1 Qb6+ 30. Kh1 Qxb3 31. Re1 Qd3 32. Bxa5 Re4 0-1

[Event "London Classic op U1750 9th"]
[Site "London"]
[Date "2017.12.06"]
[Round "3"]
[White "Bazan, Mateusz"]
[Black "Davies, Cledwyn"]
[Result "0-1"]
[WhiteElo "1217"]
[BlackElo "1551"]
[PlyCount "70"]
[EventDate "2017.12.04"]
[EventType "swiss"]
[EventRounds "5"]
[EventCountry "ENG"]
[SourceTitle "CBM 182 Extra"]
[Source "ChessBase"]
[SourceDate "2018.02.23"]
[SourceVersion "1"]
[SourceVersionDate "2018.02.23"]
[SourceQuality "1"]

1. e4 d5 2. e5 e6 3. d4 c5 4. c3 Qb6 5. Be3 Qxb2 6. Nd2 Qxc3 7. dxc5 Qxe5 8. Ngf3 Qc7 9. Rc1 Nf6 10. Bb5+ Nc6 11. 0-0 Be7 12. g3 0-0 13. Re1 Ng4 14. Bf4 e5 15. Bg5 f6 16. Be3 d4 17. Bxd4 Nxd4 18. Nxd4 exd4 19. Ne4 Ne5 20. Be2 Rd8 21. Bc4+ Nxc4 22. Rxc4 d3 23. Rc3 f5 24. Nd2 Bxc5 25. Qb3+ Kf8 26. Rxd3 Rxd3 27. Qxd3 Bd7 28. Nb3 b6 29. Qf3 Qc6 30. Qxc6 Bxc6 31. Nxc5 bxc5 32. Rc1 Rd8 33. f4 Rd5 34. a3 Bb5 35. Rb1 a6 0-1